000 00750nam a2200253 a 4500
003 AR-BaBNM
005 20251128202937.0
008 082120s2002 ||||||||||||||000 | spa||
040 _cAR-BaBNM
100 1 _aMaudet, Ariel Alejandro
245 0 0 _aCours de français
_bde acuerdo con el programa oficial de la asignatura correspondiente al 2do año del bachillerato, escuelas normales y de comercio
_n2
260 _aBuenos Aires
_bTroquel
_c1965
300 _a233 p.
_bil.
650 4 _aENSEÑANZA DE IDIOMAS
650 4 _aFRANCES
650 4 _aFONETICA
650 4 _aGRAMATICA
650 4 _aPRONUNCIACION
650 4 _aVOCABULARIO
653 _aEDUCACION SECUNDARIA
700 1 _aMaudet, Aurelio Alois
942 _cBK
998 _cCarmen
999 _c1234
_d1234